First and Last by Continent Quiz Stats

Quiz Updated Oct 7, 2012

Challenge
Share
Tweet
Embed
Score 0/12 Timer 01:30
8 Plays Today
Continent Country % Correct
AfricaZimbabwe
91.8%
South AmericaVenezuela
88.4%
AsiaYemen
86.1%
OceaniaAustralia
84.3%
South AmericaArgentina
82.2%
EuropeVatican City
74.3%
AfricaAlgeria
73.4%
North AmericaUnited States of America
72%
OceaniaVanuatu
67.2%
EuropeAlbania
65.3%
AsiaAfghanistan
57.1%
North AmericaAntigua and Barbuda
54.3%

You're not logged in!

Compare scores with friends on all Sporcle quizzes.
Join for Free
OR
Log In

You Might Also Like...

Show Comments

Extras

Top Quizzes Today


Score Distribution

Your Account Isn't Verified!

In order to create a playlist on Sporcle, you need to verify the email address you used during registration. Go to your Sporcle Settings to finish the process.

Report this User

Report this user for behavior that violates our Community Guidelines.

Details: